000 00726cam a22002413a 4500
001 11124
003 PGUSA
005 20140828083233.0
008 040201s2004||||xxu|||||s|||||000 | eng d
040 _aPGUSA
_beng
042 _adc
050 4 _aDA
100 1 _aTerry, Jean F.
_q(Jean Finlay),
_d1865-1951
245 1 0 _aNorthumberland Yesterday and To-day
_h[electronic resource] /
_cJean F. Terry
260 _bProject Gutenberg,
_c2004
506 _aPublic domain in the USA.
516 _aElectronic text
653 _aNorthumberland (England) -- Guidebooks
653 _aNorthumberland (England) -- History
830 0 _aProject Gutenberg
_v11124
856 4 0 _uhttp://www.gutenberg.org/ebooks/11124
942 _cEB
999 _c240379
_d240379